[Event "Online Olym Div2 C 2020"]
[Site "chess.com INT"]
[Date "2020.08.16"]
[Round "8.3"]
[Board "2"]
[White "Lodici, Lorenzo"]
[Black "Georgiadis, Nico"]
[Result "1/2-1/2"]
[WhiteTitle "IM"]
[BlackTitle "GM"]
[WhiteElo "2489"]
[BlackElo "2551"]
[WhiteTeam "Italy"]
[BlackTeam "Switzerland"]
[WhiteFideId "884189"]
[BlackFideId "1300113"]
[EventDate "2020.08.14"]
[EventType "team"]

1. e4 e5 2. Nf3 Nc6 3. d4 exd4 4. Nxd4 Nf6 5. Nxc6 bxc6 6. Nd2 d5 7. exd5 cxd5
8. Bb5+ Bd7 9. Bxd7+ Qxd7 10. O-O Be7 11. b3 O-O 12. Bb2 Qf5 13. Nf3 Rfe8 14.
Qd3 Qxd3 15. cxd3 Nd7 16. Rac1 Bd6 17. Nd4 c5 18. Nf5 Be5 19. d4 Bf6 20. Rc2
cxd4 21. Bxd4 g6 22. Bxf6 Nxf6 23. Nd4 Re7 24. f3 a5 25. Rfc1 Kg7 26. Rc7 Rd7
27. R1c5 Rxc7 28. Rxc7 Ra6 29. Kf2 Ne8 30. Rc5 Nf6 31. a4 h5 32. h4 Ra8 33. Ke3
Kf8 34. Kf4 Kg7 35. Rc7 Ra6 36. Ke5 Ne8 37. Rc6 Ra7 38. Kxd5 Rd7+ 39. Kc5 Nf6
40. Rd6 Rb7 41. Ra6 Rd7 42. Rd6 Rb7 43. Nb5 Re7 44. Rd2 Re3 45. b4 Re5+ 46. Kc4
axb4 47. Kxb4 Nd5+ 48. Kb3 Ne3 49. Nc3 Nf5 50. Kb4 Nxh4 51. a5 Re6 52. Kb5 Nf5
53. a6 Nd6+ 54. Rxd6 Rxd6 55. a7 Rd8 56. Ne4 f5 57. Ng5 Kf6 58. f4 Ke7 59. Nf3
Rd5+ 60. Kb6 Rd6+ 61. Kb5 Rd5+ 62. Kb4 Rd8 63. Ne5 Ke6 64. Kc5 Ra8 65. Nc6 Kf6
66. Kb6 g5 67. fxg5+ Kxg5 68. Nd4 Kg4 69. Kb7 Rxa7+ 70. Kxa7 Kg3 71. Nxf5+ Kxg2
72. Kb6 Kf3 1/2-1/2

[Event "Online Olym Div2 C 2020"]
[Site "chess.com INT"]
[Date "2020.08.16"]
[Round "8.3"]
[Board "3"]
[White "Georgescu, Lena"]
[Black "Zimina, Olga"]
[Result "1/2-1/2"]
[WhiteTitle "WIM"]
[BlackTitle "IM"]
[WhiteElo "2276"]
[BlackElo "2378"]
[WhiteTeam "Switzerland"]
[BlackTeam "Italy"]
[WhiteFideId "1331973"]
[BlackFideId "4132190"]
[EventDate "2020.08.14"]
[EventType "team"]

1. e4 c6 2. d4 d5 3. e5 Bf5 4. h4 h5 5. Bd3 Bxd3 6. Qxd3 e6 7. Bg5 Be7 8. Nf3
Nh6 9. Nc3 Nf5 10. Ne2 Nd7 11. c3 c5 12. Ng3 Nxg3 13. fxg3 cxd4 14. cxd4 Qa5+
15. Kf2 Qb6 16. Bxe7 Kxe7 17. Qa3+ Kd8 18. Rac1 a5 19. Rhd1 Qb4 20. Qe3 g6 21.
Kg1 a4 22. Ng5 Rf8 23. Rf1 Ke7 24. Rf2 Ra6 25. Rcf1 f5 26. exf6+ Rxf6 27. Rxf6
Nxf6 28. Qf4 Nd7 29. Qf7+ Kd6 30. Qxe6+ Kc7 31. Qxd5 Rd6 32. Qf7 Qxd4+ 33. Kh1
Kb8 34. Qe8+ Ka7 35. Qe2 Ne5 36. Nf3 Nxf3 37. gxf3 Rb6 38. Rf2 Rc6 39. Kg2 Rc1
40. Rf1 Rc6 41. Qf2 Rd6 42. Qxd4+ Rxd4 43. Rf2 Kb6 44. Rc2 Rd3 45. Kf2 Rd1 46.
Ke3 Rd5 47. Ke4 Rb5 48. Rd2 Kc7 49. Kf4 Rf5+ 50. Ke3 Rb5 51. g4 Rb4 52. Rg2 Kd7
53. Kd3 Ke6 54. Ke3 Kf6 55. g5+ Kf5 56. Rh2 1/2-1/2

[Event "Online Olym Div2 C 2020"]
[Site "chess.com INT"]
[Date "2020.08.16"]
[Round "8.3"]
[Board "4"]
[White "Brunello, Marina"]
[Black "Hakimifard, Ghazal"]
[Result "1/2-1/2"]
[WhiteTitle "IM"]
[BlackTitle "WGM"]
[WhiteElo "2368"]
[BlackElo "2265"]
[WhiteTeam "Italy"]
[BlackTeam "Switzerland"]
[WhiteFideId "822590"]
[BlackFideId "12506540"]
[EventDate "2020.08.14"]
[EventType "team"]

1. e4 c5 2. Nf3 e6 3. d4 cxd4 4. Nxd4 a6 5. Nc3 Qc7 6. Be2 Nf6 7. O-O Nc6 8. Be3
Bb4 9. Na4 Be7 10. Nxc6 bxc6 11. Nb6 Rb8 12. Nxc8 Qxc8 13. e5 Nd5 14. Bc1 Bc5
15. c4 Ne7 16. b3 Qc7 17. Bb2 O-O 18. Kh1 Ng6 19. f4 d6 20. exd6 Bxd6 21. g3
Rfd8 22. Qc2 Bc5 23. Rad1 Rxd1 24. Rxd1 Rd8 25. Qc3 Rxd1+ 26. Bxd1 f6 27. Bf3 e5
28. f5 Ne7 29. Be4 Qd6 30. Qd3 Bd4 31. a3 a5 32. b4 axb4 33. axb4 Qxb4 34. Bxd4
exd4 35. Qxd4 Qe1+ 36. Kg2 Qe2+ 37. Kg1 Qe1+ 38. Kg2 Qe2+ 39. Kg1 Qe1+ 40. Kg2 1/2-1/2

[Event "Online Olym Div2 C 2020"]
[Site "chess.com INT"]
[Date "2020.08.16"]
[Round "8.3"]
[Board "5"]
[White "Baenziger, Fabian"]
[Black "Moroni, Luca Jr"]
[Result "0-1"]
[WhiteTitle "IM"]
[BlackTitle "GM"]
[WhiteElo "2397"]
[BlackElo "2530"]
[WhiteTeam "Switzerland"]
[BlackTeam "Italy"]
[WhiteFideId "1330110"]
[BlackFideId "865834"]
[EventDate "2020.08.14"]
[EventType "team"]

1. d4 d5 2. c4 e6 3. Nf3 a6 4. g3 dxc4 5. Bg2 b5 6. Ne5 c6 7. O-O Bb7 8. a4 Nf6
9. b3 cxb3 10. Qxb3 Be7 11. axb5 axb5 12. Rxa8 Bxa8 13. Qa2 Bb7 14. Qa7 Qc8 15.
Nc3 b4 16. Na4 Nfd7 17. Bf4 g5 18. Bd2 Nxe5 19. dxe5 Nd7 20. Rc1 O-O 21. Nb6 Qb8
22. Qxb8 Nxb8 23. Rb1 Na6 24. Rc1 Nb8 25. Rb1 Rd8 26. Bxb4 Bxb4 27. Rxb4 Rd1+
28. Bf1 c5 29. Rb2 Ba6 30. Na4 Nd7 31. f4 gxf4 32. gxf4 Rd4 33. Nb6 Nxb6 34.
Rxb6 Bc4 35. Rc6 Rxf4 36. Rxc5 Bd5 37. h3 Rf5 38. Rc3 Rxe5 39. Rg3+ Kf8 40. Rc3
Rg5+ 41. Kf2 Rf5+ 42. Ke1 Ke7 43. Rc7+ Kf6 44. Rc3 Rg5 45. Kf2 Kg6 46. Rc8 Kh5
47. Rc3 Kh4 48. Ra3 Rf5+ 49. Kg1 Rf4 50. Rd3 Ra4 51. Kf2 Rb4 52. Ra3 Rf4+ 53.
Kg1 Kg5 54. Rg3+ Kf6 55. Ra3 Ke5 56. Rg3 Rf6 57. Ra3 Kd4 58. Rd3+ Ke5 59. Ra3
Be4 60. Ra5+ Kf4 61. Ra3 Bd5 62. Kf2 Rg6 63. Ra4+ Ke5 64. Rh4 h6 65. Ra4 f5 66.
Rb4 f4 67. Ra4 Rg7 68. Ra5 Rg3 69. Ra7 Kf6 70. Rh7 Kg6 71. Re7 Kf6 72. Rh7 Rg6
73. h4 Be4 74. Rh8 Kg7 75. Re8 Kf6 76. Rh8 Ke5 77. h5 Rf6 78. Bh3 Bf5 79. Bg2
Bg4 80. Bf3 Kf5 81. Rg8 Bxf3 82. Kxf3 e5 83. e4+ fxe3 84. Kxe3 Ra6 85. Rf8+ Kg4
86. Ke4 Ra5 87. Rg8+ Kxh5 88. Kf5 Kh4 89. Rg4+ Kh3 90. Re4 h5 91. Kg5 Kg3 92.
Re3+ Kf2 93. Re4 Kf3 94. Kf5 Rb5 0-1

[Event "Online Olym Div2 C 2020"]
[Site "chess.com INT"]
[Date "2020.08.16"]
[Round "8.3"]
[Board "6"]
[White "Palma, Maria"]
[Black "Zhuang, Yongzhe"]
[Result "0-1"]
[WhiteTitle "WFM"]
[WhiteElo "1989"]
[BlackElo "1645"]
[WhiteTeam "Italy"]
[BlackTeam "Switzerland"]
[WhiteFideId "898481"]
[BlackFideId "1339893"]
[EventDate "2020.08.14"]
[EventType "team"]

1. c4 e6 2. Nf3 d5 3. g3 c5 4. cxd5 exd5 5. d4 Nc6 6. Bg2 Nf6 7. O-O Be7 8. dxc5
Bxc5 9. a3 a6 10. b4 Bb6 11. Bb2 Be6 12. Nbd2 O-O 13. Nb3 Re8 14. Rc1 Ne4 15.
Nfd4 Nxd4 16. Bxd4 Bc7 17. Nc5 Nxc5 18. Bxc5 Be5 19. Bd4 Qf6 20. Bxe5 Qxe5 21.
h3 h6 22. Qd2 Rad8 23. Rfd1 b5 24. e3 Qd6 25. Rc5 Qe7 26. Rc6 Qd7 27. Rc5 Qe7
28. Qd4 Rd6 29. Rdc1 Red8 30. Rc7 R6d7 31. R7c6 Rd6 32. R6c5 R6d7 33. Rd1 Rd6
34. Qc3 R6d7 35. Rd4 Qf6 36. Qd2 Rd6 37. e4 Qe5 38. exd5 Bf5 39. Rc1 Qf6 40. Qe3
Bd7 41. Rcd1 Re8 42. Qd2 Bf5 43. Rc1 Qe7 44. Rc6 Red8 45. Rxd6 Qxd6 46. Qc3 Be6
47. Qd2 Qe5 48. Rd3 Bf5 49. Re3 Qd6 50. Qc3 Qd7 51. Qc6 Bxh3 52. Qxd7 Bxd7 53.
Rc3 Rc8 54. Rxc8+ Bxc8 55. Kf1 Kf8 56. Ke2 Ke7 57. Ke3 Kd6 58. Kd4 Bb7 59. Be4
g6 60. g4 g5 61. Bg2 f6 62. Be4 Bc8 63. f3 Bb7 64. Bg6 Bxd5 65. Ke3 Bc4 66. Be4
Ke5 67. Bg6 Bd5 68. Be8 Be6 69. Bg6 f5 70. gxf5 Bxf5 71. Bh5 Bd7 72. Bg6 g4 73.
fxg4 Bxg4 74. Bf7 h5 75. Be8 h4 76. Bc6 Bc8 77. Kf3 Kd4 78. a4 bxa4 79. Bxa4 Kc4
80. Bc6 Kxb4 81. Kf4 a5 82. Ke3 a4 83. Kd2 Kb3 84. Kc1 Bf5 85. Bd5+ Kc3 86. Bc6
a3 87. Bd5 h3 0-1

[Event "Online Olym Div2 C 2020"]
[Site "chess.com INT"]
[Date "2020.08.16"]
[Round "8.4"]
[Board "1"]
[White "Ashiku, Franc"]
[Black "Borisek, Jure"]
[Result "1-0"]
[WhiteTitle "IM"]
[BlackTitle "GM"]
[WhiteElo "2419"]
[BlackElo "2591"]
[WhiteTeam "Albania"]
[BlackTeam "Slovenia"]
[WhiteFideId "4700066"]
[BlackFideId "14603152"]
[EventDate "2020.08.14"]
[EventType "team"]

1. d4 f5 2. g3 Nf6 3. Bg2 g6 4. Nd2 Bg7 5. c3 Nc6 6. h4 e5 7. d5 Ne7 8. d6 Nc6
9. Nc4 O-O 10. Nf3 cxd6 11. Nxd6 Qe7 12. h5 Nxh5 13. Ng5 Nd8 14. g4 fxg4 15.
Rxh5 gxh5 16. Qd3 Bh6 17. Bd5+ Ne6 18. Nf5 Rxf5 19. Qxf5 Bf8 20. Qxe5 Qg7 21.
Qh2 h6 22. Ne4 Qg6 23. Ng3 Bd6 24. Be3 Bxg3 25. Qxg3 Kh7 26. Qd6 Ng5 27. Qe7+
Qg7 28. Qe8 Qg6 29. Qd8 Ne6 30. Qe7+ Qg7 31. Be4+ Kh8 32. Qd6 Qf8 33. Qe5+ Kg8
34. Qxh5 1-0

[Event "Online Olym Div2 C 2020"]
[Site "chess.com INT"]
[Date "2020.08.16"]
[Round "8.4"]
[Board "2"]
[White "Sebenik, Matej"]
[Black "Pasko, Llambi"]
[Result "0-1"]
[WhiteTitle "GM"]
[BlackTitle "IM"]
[WhiteElo "2498"]
[BlackElo "2410"]
[WhiteTeam "Slovenia"]
[BlackTeam "Albania"]
[WhiteFideId "14602296"]
[BlackFideId "4701178"]
[EventDate "2020.08.14"]
[EventType "team"]

1. c4 c6 2. d4 d5 3. cxd5 cxd5 4. Bf4 Nc6 5. e3 Bf5 6. Nc3 Nf6 7. Qb3 Na5 8.
Qa4+ Bd7 9. Qd1 e6 10. Bd3 Rc8 11. Nf3 Nc4 12. Qe2 Bb4 13. Rc1 Qa5 14. O-O O-O
15. Bxc4 dxc4 16. Ne5 Bxc3 17. bxc3 Bc6 18. f3 Nd5 19. Bg3 b5 20. Qd2 Rfd8 21.
e4 Ne7 22. Qf4 Be8 23. Bh4 Qc7 24. Qg4 Kh8 25. f4 Rd6 26. Rf3 f6 27. Rcf1 Ng8
28. Rg3 fxe5 29. fxe5 Ra6 30. Rf8 Bg6 31. Rgf3 b4 32. cxb4 c3 33. Bg5 c2 34. Bc1
Rxf8 35. Rxf8 Qe7 36. Rc8 Rxa2 37. Qf4 Qxb4 38. h4 Ra1 39. Kh2 Qb7 40. Qf8 Qf7
41. Qxf7 Bxf7 42. Rxc2 Bg6 43. Rc8 Bxe4 44. h5 h6 45. Kg3 Ra2 46. Kf4 Bxg2 47.
Be3 Bd5 48. Rc7 a5 49. Ra7 a4 50. Bc1 Kh7 51. Ke3 Rh2 52. Rxa4 Ne7 53. Ra7 Nf5+
54. Kf4 Rxh5 55. Ba3 Rh1 0-1

[Event "Online Olym Div2 C 2020"]
[Site "chess.com INT"]
[Date "2020.08.16"]
[Round "8.4"]
[Board "3"]
[White "Shabanaj, Eglantina"]
[Black "Unuk, Laura"]
[Result "1-0"]
[WhiteTitle "WCM"]
[BlackTitle "WGM"]
[WhiteElo "1996"]
[BlackElo "2315"]
[WhiteTeam "Albania"]
[BlackTeam "Slovenia"]
[WhiteFideId "4700562"]
[BlackFideId "14609215"]
[EventDate "2020.08.14"]
[EventType "team"]

1. Nf3 Nf6 2. d4 e6 3. e3 b6 4. Bd3 Bb7 5. Nbd2 d5 6. O-O Be7 7. b3 O-O 8. Bb2
Ne4 9. Ne5 f6 10. Nef3 Nd7 11. c4 f5 12. Ne5 Nxe5 13. dxe5 Nxd2 14. Qxd2 dxc4
15. bxc4 Qe8 16. f4 Rd8 17. Qe2 Bc5 18. Rad1 Qc6 19. Rf3 Rd7 20. Bc1 Rfd8 21.
Bc2 Rxd1+ 22. Bxd1 a5 23. Rg3 Ba6 24. Bc2 Bb4 25. Bd3 b5 26. e4 bxc4 27. Bc2 c3
28. Qh5 Qc4 29. h4 Bf8 30. Kh2 Qxa2 31. exf5 Qxc2 32. fxe6 g6 33. Qg5 Ra8 34. f5
Bd3 35. f6 Bf5 36. e7 a4 37. exf8=Q+ Rxf8 38. Ba3 Rf7 39. Qf4 Qb3 40. Be7 h5 41.
Qxf5 Rxe7 42. fxe7 Qf7 43. Rxg6+ 1-0

[Event "Online Olym Div2 C 2020"]
[Site "chess.com INT"]
[Date "2020.08.16"]
[Round "8.4"]
[Board "4"]
[White "Janzelj, Lara"]
[Black "Gjergji, Rozana"]
[Result "1-0"]
[WhiteTitle "WIM"]
[BlackTitle "WCM"]
[WhiteElo "2210"]
[BlackElo "1942"]
[WhiteTeam "Slovenia"]
[BlackTeam "Albania"]
[WhiteFideId "14608391"]
[BlackFideId "4700147"]
[EventDate "2020.08.14"]
[EventType "team"]

1. d4 f5 2. c4 e6 3. Nc3 Nf6 4. Nf3 Be7 5. g3 c6 6. d5 cxd5 7. cxd5 exd5 8. Bg2
Qa5 9. O-O O-O 10. Nh4 Ne4 11. Nxd5 Bxh4 12. gxh4 Nc6 13. a3 Qd8 14. Qb3 Kh8 15.
f3 Nc5 16. Qc4 d6 17. b4 Ne5 18. Qc3 Ne6 19. Qe1 f4 20. Bb2 Ng6 21. h5 Nh4 22.
Rf2 Qg5 23. Rd1 Qxh5 24. Qc3 Qg6 25. Kh1 Nf5 26. Bh3 Ng5 27. Nxf4 Qh6 28. Bg4
Ng3+ 29. Kg2 Bxg4 30. hxg3 Nh3 31. Qxg7+ Qxg7 32. Bxg7+ Kxg7 33. Nxh3 Bxh3+ 34.
Kxh3 Rad8 35. e4 Kf6 36. Kg4 Rg8+ 37. Kf4 Ke6 38. g4 Rg7 39. Rh2 Rf8+ 40. Kg3
Rf6 41. f4 Rgf7 42. Rf2 Rg7 43. Rd5 h6 44. Rh2 Kd7 45. e5 Rfg6 46. Rxd6+ Rxd6
47. exd6 Kxd6 48. Rxh6+ Kd5 49. f5 Ke5 50. Re6+ Kd5 51. Kf4 Rh7 52. Re8 Kd6 53.
f6 Kd7 54. Re7+ 1-0

[Event "Online Olym Div2 C 2020"]
[Site "chess.com INT"]
[Date "2020.08.16"]
[Round "8.4"]
[Board "5"]
[White "Veleshnja, Zino"]
[Black "Stevanic, David"]
[Result "1/2-1/2"]
[BlackTitle "FM"]
[WhiteElo "2287"]
[BlackElo "2337"]
[WhiteTeam "Albania"]
[BlackTeam "Slovenia"]
[WhiteFideId "4701313"]
[BlackFideId "14613921"]
[EventDate "2020.08.14"]
[EventType "team"]

1. d4 Nf6 2. Bf4 d5 3. e3 g6 4. Nc3 Bg7 5. h4 c6 6. Be2 h5 7. Nf3 Bf5 8. Ne5
Nbd7 9. O-O Ne4 10. Nxe4 Bxe4 11. f3 Bf5 12. e4 dxe4 13. fxe4 Bxe4 14. Nxf7 Qb6
15. Be3 Rf8 16. Ng5 Bf5 17. Bxh5 O-O-O 18. Bg4 Rf6 19. Bxf5 gxf5 20. Qe2 Qxb2
21. Rab1 Qc3 22. Rb3 Qa5 23. Rfb1 Nb6 24. Bf2 Rd7 25. Ne6 Qd5 26. Nxg7 Rg6 27.
Qf3 Rxg7 28. Qxd5 Nxd5 29. Rf3 e6 30. Re1 Rde7 31. Bg3 Kd7 32. c4 Nf6 33. Be5
Rg6 34. Bxf6 Rxf6 35. Rfe3 Rh7 36. g3 Rg6 37. Kf2 f4 38. gxf4 Rxh4 39. Rf3 Rh2+
40. Ke3 Rxa2 41. Ke4 a5 42. f5 exf5+ 43. Rxf5 Re6+ 44. Re5 Rxe5+ 45. dxe5 Ke6
46. Rh1 Re2+ 47. Kd4 Rd2+ 48. Ke4 Re2+ 49. Kd4 1/2-1/2

[Event "Online Olym Div2 C 2020"]
[Site "chess.com INT"]
[Date "2020.08.16"]
[Round "8.4"]
[Board "6"]
[White "Urh, Zala"]
[Black "Shuqja, Klean"]
[Result "1-0"]
[WhiteTitle "WIM"]
[BlackTitle "WCM"]
[WhiteElo "2156"]
[BlackElo "1838"]
[WhiteTeam "Slovenia"]
[BlackTeam "Albania"]
[WhiteFideId "14611481"]
[BlackFideId "4701585"]
[EventDate "2020.08.14"]
[EventType "team"]

1. d4 Nf6 2. c4 g6 3. Nc3 d5 4. cxd5 Nxd5 5. e4 Nxc3 6. bxc3 Bg7 7. Bc4 c5 8.
Ne2 O-O 9. O-O Nc6 10. Be3 cxd4 11. cxd4 b6 12. Rc1 Bb7 13. Qd2 Rc8 14. h4 e5
15. d5 Na5 16. Bd3 Qxh4 17. Bg5 Qg4 18. f3 Qd7 19. Bh6 Rfe8 20. Bxg7 Kxg7 21.
Kf2 Rxc1 22. Rxc1 Rc8 23. Rh1 Rh8 24. Qh6+ Kg8 25. Rc1 f6 26. Rc3 Kf7 27. f4 Qd6
28. g3 a6 29. a4 Qd7 30. Bc2 Qd6 31. Kg2 Ba8 32. Kf2 Nb7 33. Rc6 Qe7 34. Rxb6
Nd6 35. f5 g5 36. Qh5+ Kg7 37. Rb1 Rc8 38. Bd3 a5 39. g4 Qa7+ 40. Kg2 Qd7 41.
Qh3 Qa7 42. Qf3 Bb7 43. Qf2 Qxf2+ 44. Kxf2 Rc7 45. Rb6 Nc4 46. Bxc4 Rxc4 47.
Rxb7+ 1-0

[Event "Online Olym Div2 C 2020"]
[Site "chess.com INT"]
[Date "2020.08.16"]
[Round "8.5"]
[Board "1"]
[White "Georgiev, Kiril"]
[Black "Giri, Anish"]
[Result "1-0"]
[WhiteTitle "GM"]
[BlackTitle "GM"]
[WhiteElo "2592"]
[BlackElo "2764"]
[WhiteTeam "North Macedonia"]
[BlackTeam "Netherlands"]
[WhiteFideId "2900017"]
[BlackFideId "24116068"]
[EventDate "2020.08.14"]
[EventType "team"]

1. c4 e5 2. Nc3 Nf6 3. Nf3 Nc6 4. g3 d5 5. cxd5 Nxd5 6. Bg2 Bc5 7. O-O O-O 8. d3
h6 9. Bd2 Nf6 10. a3 a5 11. Rc1 Re8 12. Na4 Bd6 13. Be3 Rb8 14. Bc5 Bd7 15. Bxd6
cxd6 16. Nc3 b5 17. Nd2 b4 18. Nd5 Nxd5 19. Bxd5 Ne7 20. Bg2 bxa3 21. bxa3 Be6
22. Nc4 Bxc4 23. Rxc4 d5 24. Rc5 Qb6 25. Qc2 Rbc8 26. Rc1 Red8 27. Bh3 f5 28.
Bxf5 Rxc5 29. Qxc5 Qf6 30. Bh3 Rf8 31. Rf1 a4 32. Bg2 Qe6 33. Qb5 Ra8 34. Rc1
Qd6 35. Rc5 e4 36. Bh3 Rb8 37. Qa5 exd3 38. exd3 Rb3 39. d4 Rxa3 40. Qe1 Kf7 41.
Ra5 Qb6 42. Ra8 Rb3 43. Be6+ Kg6 44. Qe5 Qb5 45. Kg2 Rb2 46. Rg8 Rxf2+ 47. Kxf2
Qb2+ 48. Kf3 Qb3+ 49. Kf4 1-0

[Event "Online Olym Div2 C 2020"]
[Site "chess.com INT"]
[Date "2020.08.16"]
[Round "8.5"]
[Board "2"]
[White "Van Foreest, Jorden"]
[Black "Pancevski, Filip"]
[Result "1-0"]
[WhiteTitle "GM"]
[BlackTitle "IM"]
[WhiteElo "2682"]
[BlackElo "2519"]
[WhiteTeam "Netherlands"]
[BlackTeam "North Macedonia"]
[WhiteFideId "1039784"]
[BlackFideId "15002187"]
[EventDate "2020.08.14"]
[EventType "team"]

1. d4 Nf6 2. Nf3 g6 3. c4 Bg7 4. Nc3 O-O 5. e4 d6 6. Be2 e5 7. O-O Nbd7 8. Re1
c6 9. d5 c5 10. a3 Kh8 11. Bg5 Rg8 12. b4 Qf8 13. Bd2 Ne8 14. g3 Qe7 15. Bd3 Rf8
16. Rb1 Nb6 17. Nb5 Bg4 18. a4 Nxa4 19. Kg2 Nb6 20. h3 Bxf3+ 21. Qxf3 Nd7 22. h4
b6 23. h5 Kg8 24. Rh1 cxb4 25. Bxb4 Nc5 26. Bc2 Nf6 27. h6 Bh8 28. Bd2 Qd7 29.
Ra1 Ne8 30. Nc3 Bf6 31. Na4 Nxa4 32. Bxa4 Qe7 33. Bc6 Rc8 34. Bxe8 1-0

[Event "Online Olym Div2 C 2020"]
[Site "chess.com INT"]
[Date "2020.08.16"]
[Round "8.5"]
[Board "3"]
[White "Stojkovska, Monika"]
[Black "Ratsma, Rosa"]
[Result "1-0"]
[WhiteTitle "WFM"]
[BlackTitle "WIM"]
[WhiteElo "2106"]
[BlackElo "2306"]
[WhiteTeam "North Macedonia"]
[BlackTeam "Netherlands"]
[WhiteFideId "15002594"]
[BlackFideId "1033662"]
[EventDate "2020.08.14"]
[EventType "team"]

1. e4 e5 2. f3 Nc6 3. Bb5 Nf6 4. Ne2 a6 5. Bxc6 dxc6 6. d4 exd4 7. Qxd4 Be6 8.
Bg5 Be7 9. Nbc3 h6 10. Be3 c5 11. Qxd8+ Rxd8 12. Nf4 Bc8 13. Nfd5 Nxd5 14. Nxd5
Bd6 15. O-O-O c6 16. Nc3 O-O 17. f4 c4 18. a3 Bc7 19. g3 Ba5 20. Rxd8 Rxd8 21.
Nd1 Bg4 22. Nf2 Bf3 23. Rg1 c3 24. b4 Bc7 25. e5 a5 26. Nd1 Re8 27. Nxc3 f6 28.
Rf1 Bg4 29. Bd4 fxe5 30. Bxe5 Bxe5 31. fxe5 Rxe5 32. Rf4 Be6 33. Kb2 axb4 34.
Rxb4 b5 35. Re4 Rxe4 36. Nxe4 Kf7 37. Kc3 Bd5 38. Nc5 Kf6 39. Kd4 Kf5 40. Nd3
Kg4 41. Nb4 Bf3 42. Ke3 Bh1 43. Kf2 Be4 44. c3 Kf5 45. Ke3 Bg2 46. Nc2 Ke5 47.
Nd4 g6 48. Kf2 Be4 49. Ke3 Bh1 50. Ne2 Be4 51. Nf4 g5 52. Ne2 Kd5 53. Nd4 Bg6
54. Kd2 Bh7 55. Ke3 Bg6 56. Kd2 Kd6 57. Ke3 Kc5 58. h4 Kd6 59. hxg5 hxg5 60. Nf3
g4 61. Nd4 Be8 62. Kf4 Bd7 63. Nf5+ Kd5 64. Ne3+ Kc5 65. Nxg4 Be6 66. Ne3 Kd6
67. g4 c5 68. g5 Bg8 69. Kf5 Kc6 70. g6 Kd7 71. Kf6 Kd6 72. Nf5+ Kd7 73. Ne7 Bb3
74. g7 Kd6 75. Nf5+ Kc6 76. Nh6 b4 77. axb4 cxb4 78. cxb4 Kb5 79. Nf7 1-0

[Event "Online Olym Div2 C 2020"]
[Site "chess.com INT"]
[Date "2020.08.16"]
[Round "8.5"]
[Board "4"]
[White "Werle, Iozefina"]
[Black "Bejatovic, Bojana"]
[Result "1-0"]
[WhiteTitle "WGM"]
[WhiteElo "2300"]
[BlackElo "2031"]
[WhiteTeam "Netherlands"]
[BlackTeam "North Macedonia"]
[WhiteFideId "1213261"]
[BlackFideId "15000141"]
[EventDate "2020.08.14"]
[EventType "team"]

1. e4 c5 2. Nf3 e6 3. b3 Nc6 4. Bb2 d6 5. Bd3 e5 6. O-O Nge7 7. Re1 g6 8. c3 Bg7
9. Bc4 O-O 10. d4 Qc7 11. h3 a6 12. a4 Rb8 13. Na3 Bd7 14. Nc2 Na5 15. Ne3 Nxc4
16. bxc4 f5 17. dxe5 dxe5 18. Nd5 Qd6 19. Ba3 fxe4 20. Ng5 Nxd5 21. Nxe4 Qc6 22.
cxd5 Qxa4 23. Qxa4 Bxa4 24. Bxc5 Bb3 25. Bxf8 Kxf8 26. d6 Ke8 27. Nc5 Bc4 28. f4
b6 29. Nxa6 Bxa6 30. Rxa6 Rb7 31. fxe5 Kd7 32. Ra8 1-0

[Event "Online Olym Div2 C 2020"]
[Site "chess.com INT"]
[Date "2020.08.16"]
[Round "8.5"]
[Board "5"]
[White "Risteski, Emil"]
[Black "Warmerdam, Max"]
[Result "1/2-1/2"]
[BlackTitle "IM"]
[WhiteElo "2159"]
[BlackElo "2506"]
[WhiteTeam "North Macedonia"]
[BlackTeam "Netherlands"]
[WhiteFideId "15005267"]
[BlackFideId "1048104"]
[EventDate "2020.08.14"]
[EventType "team"]

1. e4 c5 2. Nf3 d6 3. d4 cxd4 4. Nxd4 Nf6 5. Nc3 a6 6. Bg5 Nbd7 7. Bc4 Qb6 8.
Bb3 e6 9. a4 Qa5 10. Bd2 Nc5 11. O-O Qc7 12. Qe2 Be7 13. f4 O-O 14. e5 Nxb3 15.
Nxb3 Nd7 16. Rae1 b6 17. exd6 Qxd6 18. Ne4 Qc6 19. Bc3 Bb7 20. Qg4 g6 21. Nd4
Qd5 22. f5 Nf6 23. Nxf6+ Bxf6 24. fxg6 fxg6 25. Qxe6+ Qxe6 26. Rxe6 Bxd4+ 27.
Bxd4 Rxf1+ 28. Kxf1 Rf8+ 29. Kg1 b5 30. Rb6 Be4 31. axb5 axb5 32. Rxb5 Bxc2 33.
Rb7 Rf7 34. Rb8+ Rf8 35. Rxf8+ Kxf8 36. Kf2 Ke7 37. Ke3 Bb3 38. Bg7 h5 39. Kd4
Kd6 40. Bh6 Kc6 41. Ke5 Kb5 42. Bf8 Kb6 43. Kf6 Bc2 44. b4 Kb5 45. Kg5 Kc6 46.
Bc5 Kb5 47. g3 Kc6 48. h3 Kb5 49. Bf8 Kc6 50. Bc5 Kb5 51. Bf8 Kc6 52. g4 hxg4
53. Kxg4 Kb5 54. Kg5 Kc6 55. h4 Kb5 56. h5 gxh5 57. Kxh5 Bd3 58. Kg5 Bc4 1/2-1/2

[Event "Online Olym Div2 C 2020"]
[Site "chess.com INT"]
[Date "2020.08.16"]
[Round "8.5"]
[Board "6"]
[White "Roebers, Eline"]
[Black "Manova, Ivana"]
[Result "1-0"]
[WhiteElo "2066"]
[BlackElo "1742"]
[WhiteTeam "Netherlands"]
[BlackTeam "North Macedonia"]
[WhiteFideId "1058401"]
[BlackFideId "15003590"]
[EventDate "2020.08.14"]
[EventType "team"]

1. e4 c5 2. Nf3 Nc6 3. d4 cxd4 4. Nxd4 e5 5. Nb5 d6 6. N1c3 a6 7. Na3 Be7 8. Nd5
Nf6 9. Nxf6+ Bxf6 10. Nc4 Be7 11. Be3 b5 12. Nb6 Rb8 13. Nxc8 Qxc8 14. a4 O-O
15. axb5 axb5 16. Be2 Rd8 17. c3 Qe6 18. Qd5 Rdc8 19. Ra6 Qxd5 20. exd5 Nd8 21.
Kd2 b4 22. c4 Nb7 23. Rha1 h6 24. Rb6 Bg5 25. Rxb4 Nc5 26. Rxb8 Rxb8 27. Kc2
Bxe3 28. fxe3 Rb3 29. Ra3 Rb6 30. Bf3 f5 31. Kc3 g5 32. b4 Na6 33. Ra4 Kg7 34.
Be2 Nc7 35. Ra7 Kf6 36. Rxc7 g4 37. Rc6 Rxc6 38. dxc6 1-0

[Event "Online Olym Div2 C 2020"]
[Site "chess.com INT"]
[Date "2020.08.16"]
[Round "9.1"]
[Board "1"]
[White "Giri, Anish"]
[Black "Anton Guijarro, David"]
[Result "1-0"]
[WhiteTitle "GM"]
[BlackTitle "GM"]
[WhiteElo "2764"]
[BlackElo "2688"]
[WhiteTeam "Netherlands"]
[BlackTeam "Spain"]
[WhiteFideId "24116068"]
[BlackFideId "2285525"]
[EventDate "2020.08.14"]
[EventType "team"]

1. d4 Nf6 2. c4 g6 3. Nc3 Bg7 4. e4 d6 5. Nf3 Bg4 6. Be2 O-O 7. Be3 Nfd7 8. O-O
Nc6 9. d5 Bxf3 10. Bxf3 Na5 11. Be2 Bxc3 12. bxc3 e5 13. dxe6 fxe6 14. Bh6 Rf7
15. f4 Qe7 16. Qd2 Re8 17. Rae1 b6 18. Qe3 Nb7 19. Qh3 Nbc5 20. Bd1 Kh8 21. Re3
Rg8 22. Bg5 Qf8 23. Bh6 Qe7 24. Bc2 e5 25. f5 gxf5 26. exf5 Nf6 27. Rg3 Rxg3 28.
hxg3 Rg7 29. Bd1 Rg8 30. Qh4 e4 31. Be3 Qg7 32. g4 Nfd7 33. f6 Qf7 34. g5 Ne5
35. Bh5 Ng6 36. Bxc5 bxc5 37. Qxe4 Re8 38. Qd3 Kg8 39. Rb1 Kf8 40. Kh2 Re5 41.
Rb8+ Re8 42. Rb1 Re5 43. Qh3 Re8 44. Qg4 Kg8 45. Rb7 a5 46. Ra7 Kf8 47. Rxa5 Ne5
48. Qh3 Ng6 49. Ra4 c6 50. Qg3 Qd7 51. Bxg6 hxg6 52. Qh4 Kg8 53. Qh6 Qf7 54. Ra6
Rc8 55. Rb6 d5 56. cxd5 cxd5 57. Re6 Rc7 58. Re3 Rb7 59. Rh3 Qc7+ 60. g3 Rb2+
61. Kg1 Rb1+ 62. Kf2 Rb2+ 63. Kf3 1-0